| 000 | 01054nam a22002057a 4500 | ||
|---|---|---|---|
| 999 |
_c57731 _d57731 |
||
| 003 | Ge_BSU | ||
| 005 | 20201019130845.0 | ||
| 008 | 201019s2014 ge ||||| |||| 00| 0 geo d | ||
| 020 | _a9789941935442 | ||
| 041 | _ageo | ||
| 080 | _a343.1 თ-84 | ||
| 100 |
_aთუმანიშვილი, გიორგი. _95244 |
||
| 245 |
_aსისხლის სამართლის პროცესი : _b ზოგადი ნაწილის მიმოხილვა = Strafprozess : Grundriss des Allgemeinen Teils / _c გიორგი თუმანიშვილი ; რედაქტორი გიორგი გიორგაძე. |
||
| 264 |
_aთბილისი : _b იურისტების სამყარო, _c2014. |
||
| 300 |
_a353 გვ. ; _b20 სმ. |
||
| 653 | _aსისხლის სამართლის პროცესი | ||
| 653 | _aსამართალი | ||
| 700 |
_aგიორგაძე, გიორგი _eრედაქტორი _98090 |
||
| 942 |
_2udc _cBK |
||